124 Personnages Harry Potter - Statistiques

Statistiques générales
  • Ce quiz a été pris 178 fois
  • Le résultat moyen est 87 sur 124
Statistiques - réponses
Hint Réponse % Correct
1 Harry Potter
98%
3 Hermione Granger
98%
2 Ron Weasley
98%
5 Albus Dumbledore
96%
10 Ginny Weasley
96%
7 Drago Malefoy
95%
25 Fred Weasley
95%
26 George Weasley
95%
9 Neville Londubat
95%
16 Remus Lupin
95%
6 Severus Rogue
95%
18 Dolores Ombrage
93%
11 Minerva McGonagall
93%
13 Sirius Black
93%
23 Bill Weasley
92%
22 Charlie Weasley
92%
14 James Potter
92%
15 Lily Potter
92%
8 Luna Lovegood
92%
20 Molly Weasley
92%
24 Percy Weasley
92%
12 Rubeus Hagrid
92%
4 Lord Voldemort
91%
28 Lucius Malefoy
91%
40 Fleur Delacour
90%
21 Arthur Weasley
89%
27 Narcissa Malefoy
89%
70 Filius Flitwick
88%
55 Katie Bell
88%
29 Alastor Maugrey
87%
77 Quirinus Quirell
87%
42 Viktor Krum
87%
19 Bellatrix Lestrange
85%
44 Cedric Diggory
85%
46 Cho Chang
85%
99 Dobby
85%
62 Gregory Goyle
85%
108 Hedwige
85%
30 Nymphadora Tonks
85%
17 Peter Pettigrow
85%
76 Gilderoy Lockhart
84%
51 Seamus Finnigan
84%
61 Vincent Crabbe
84%
50 Dean Thomas
82%
71 Pomona Chourave
82%
123 Godric Gryffondor
81%
43 Igor Karkaroff
81%
94 Dudley Dursley
80%
121 Helga Poufsouffle
80%
93 Pétunia Dursley
80%
122 Rowena Serdaigle
80%
92 Vernon Dursley
80%
74 Renée Bibine
79%
124 Salazar Serpentard
79%
48 Padma Patil
78%
49 Parvati Patil
78%
52 Angelina Johnson
76%
63 Pansy Parkinson
76%
67 Sibylle Trelawney
76%
47 Lavande Brown
75%
56 Olivier Dubois
75%
111 Pattenrond
75%
72 Poppy Pomfresh
75%
80 Cornelius Fudge
74%
98 Xenophilius Lovegood
73%
45 Amos Diggory
72%
68 Argus Rusard
72%
69 Horace Slughorn
71%
87 Nick-Quasi-Sans-Tête
71%
90 Abelforth Dumbledore
70%
109 Buck
70%
88 Le Baron Sanglant
69%
41 Gabrielle Delacour
68%
83 Mimi Geignarde
68%
33 Alice Londubat
65%
117 Fenrir Greyback
65%
75 Firenze
65%
86 La Dame Grise
65%
85 Le Moine Gras
65%
107 Nagini
65%
89 Peeves
64%
38 Kingsley Shacklebolt
63%
91 Ariana Dumbledore
62%
102 Colin Crivey
62%
32 Frank Londubat
62%
96 Garrick Ollivander
61%
35 Mondingus Fletcher
61%
60 Blaise Zabini
60%
54 Alicia Spinnet
59%
116 Amycus Carrow
58%
81 Bartemius Croupton
58%
53 Lee Jordan
58%
100 Winky
58%
115 Alecto Carrow
57%
105 Rita Skeeter
57%
73 Cuthbert Binns
55%
79 Rufus Scrimgeour
55%
104 Cormac McLaggen
54%
95 Marjorie Dursley
54%
118 Antonin Dolohov
53%
106 Bathilda Tourdesac
53%
59 Hannah Abbot
53%
119 Gellert Grindelwald
52%
84 La Grosse Dame
52%
101 Elvis Gaunt
49%
114 Aragog
48%
110 Graup
48%
103 Dennis Crivey
46%
34 Augusta Londubat
45%
39 Arabella Figg
44%
97 Marcus Flint
42%
82 Stanley Rocade
39%
112 Errol
38%
36 Elphias Doge
37%
120 Ignotus Peverell
35%
78 Ludo Verpey
35%
58 Zacharias Smith
29%
113 Hermès
27%
37 Dedalus Diggle
26%
66 Theodore Nott
25%
64 Astoria Greengrass
23%
57 Marietta Edgecombe
21%
65 Daphné Greengrass
16%
31 Emmeline Vance
11%
Aucun quiz correspondant
Distribution des résultats
% des personnes avec chaque résultat
Percentile par nombre de réponses
Votre historique - résultats
Vous n’avez pas pris ce quiz